Normal view
MARC view
Entry Personal Name
001 - CONTROL NUMBER
- control field: 388384
003 - CONTROL NUMBER IDENTIFIER
- control field: OSt
005 - DATE AND TIME OF LATEST TRANSACTION
- control field: 20220927114301.0
008 - FIXED-LENGTH DATA ELEMENTS
- fixed length control field: 220927|| aca||aabn | a|a d
040 ## - CATALOGING SOURCE
- Original cataloging agency: OSt
- Transcribing agency: OSt
100 ## - HEADING--PERSONAL NAME
- Personal name: Chauncy George
670 ## - SOURCE DATA FOUND
- Source citation: Work cat.: (OSt)704248: Chauncy George, Gay New York, 1994
